M Answers Quiz - Statistics

General Stats
  • This quiz has been taken 88 times
  • The average score is 11 of 15
Answer Stats
Clue Answer % Correct
Man who served 27 years in prison and became the first president of South Africa in a fully democratic election Nelson Mandela
98%
Tropical disease transmitted by mosquitoes Malaria
95%
This company founded by Bill Gates acquired LinkedIn in 2016 Microsoft
95%
Queen of England and Ireland from 1553 to 1558 Mary
91%
Co-author of the Communist Manifesto with Friedrich Engels Karl Marx
88%
Capital of the Australian state of Victoria Melbourne
88%
The only metal liquid at room temperature Mercury
88%
Fourth largest island in the world Madagascar
83%
Name of the girl from West Side Story whom Tony loves Maria
71%
Gas with the chemical formula CH4 Methane
68%
Half man- half bull that was killed by Theseus in Greek Mythology Minotaur
67%
Main general of the Allied forces in the Pacific during WWII Douglas MacArthur
51%
City in which Martin Luther King Jr led a bus boycott in Montgomery
49%
A series of French forts at the border between France and Germany Maginot Line
33%
American banker that was instrumental in the creation of the U.S. Steel Corporation. During the Panic of 1893, he organized the replenishing of the national gold reserves JP Morgan
23%
No matching quizzes found
Score Distribution
Percent of People with Each Score
Percentile by Number Answered
Your Score History
You have not taken this quiz